[Event "85. Argentino Superior Absoluto 2010 "]
[Site "Buenos Aires ARG"]
[Date "2010.07.09"]
[Round "5.2"]
[White "Lemos, Damian"]
[Black "Mareco, Sandro"]
[Result "1-0"]
[WhiteElo "2551"]
[BlackElo "2527"]
[PlyCount "69"]
[EventDate "2010.07.05"]
[EventType "swiss"]
[EventRounds "9"]
[EventCountry "ARG"]
[Source "lmi"]
[SourceDate "2010.07.05"]

1. d4 Nf6 2. c4 e6 3. Nf3 b6 4. g3 Ba6 5. Qc2 Bb7 6. Bg2 c5 7. d5 exd5 8. cxd5
Nxd5 9. O-O Be7 10. Rd1 Qc8 11. a3 Nf6 12. Bg5 O-O 13. Nc3 Nc6 14. Rd2 Na5 15.
Bxf6 Bxf6 16. Nd5 Bxd5 17. Rxd5 Qa6 18. Rc1 Rae8 19. e3 Nc6 20. Nd2 Qb5 21. Nc4
Rd8 22. b4 Ne7 23. Nd6 Qa6 24. Rdd1 Qxa3 25. bxc5 Nc6 26. Bd5 Ne5 27. Qf5 bxc5
28. Be4 Ng6 29. h4 Be7 30. Nb7 Rb8 31. h5 d5 32. Qxd5 Nh8 33. Qf5 g6 34. Qe5 c4
35. Ra1 1-0

[Event "85. Argentino Superior Absoluto 2010 "]
[Site "Buenos Aires ARG"]
[Date "2010.07.09"]
[Round "5.3"]
[White "Felgaer, Ruben"]
[Black "Iermito, Sebastian"]
[Result "1/2-1/2"]
[WhiteElo "2584"]
[BlackElo "2457"]
[PlyCount "72"]
[EventDate "2010.07.05"]
[EventType "swiss"]
[EventRounds "9"]
[EventCountry "ARG"]
[Source "lmi"]
[SourceDate "2010.07.05"]

1. e4 e6 2. d4 d5 3. Nd2 dxe4 4. Nxe4 Nd7 5. Nf3 Ngf6 6. Nxf6+ Nxf6 7. c3 Be7
8. Bd3 O-O 9. O-O b6 10. Qe2 Bb7 11. Bf4 c5 12. dxc5 Bxc5 13. Rad1 Qc8 14. Ne5
Be7 15. Rfe1 Qc5 16. Bc4 Bd5 17. Rd4 Rad8 18. Bg3 Qc8 19. Bxd5 Nxd5 20. Ra4 a5
21. Rc4 Qb7 22. a4 Bf6 23. Ng4 Be7 24. Ne5 Bf6 25. h3 g6 26. Rd4 Ne7 27. Rxd8
Rxd8 28. Qb5 Nf5 29. Bf4 h5 30. Nf3 Rd5 31. Qe2 Rd8 32. Be5 Bxe5 33. Nxe5 Qd5
34. Nc4 Qc5 35. Qe4 Nd6 36. Nxd6 Rxd6 1/2-1/2

[Event "85. Argentino Superior Absoluto 2010 "]
[Site "Buenos Aires ARG"]
[Date "2010.07.09"]
[Round "5.4"]
[White "Ricardi, Pablo"]
[Black "Julia, Ernesto"]
[Result "1-0"]
[WhiteElo "2512"]
[BlackElo "2378"]
[PlyCount "77"]
[EventDate "2010.07.05"]
[EventType "swiss"]
[EventRounds "9"]
[EventCountry "ARG"]
[Source "lmi"]
[SourceDate "2010.07.05"]

1. e4 e5 2. Nf3 Nc6 3. Bb5 a6 4. Ba4 Nf6 5. O-O Be7 6. Re1 b5 7. Bb3 d6 8. c3
O-O 9. d3 Na5 10. Bc2 c5 11. Nbd2 Re8 12. Nf1 Bf8 13. Ng3 g6 14. a4 b4 15. d4
cxd4 16. cxd4 Bg4 17. d5 Nd7 18. Bd2 Rb8 19. b3 Nc5 20. h3 Bxf3 21. Qxf3 Be7
22. Qe3 h6 23. Rab1 Bg5 24. Qe2 Bxd2 25. Qxd2 Qg5 26. Qe2 Rec8 27. Nf1 h5 28.
Nh2 h4 29. Ng4 Rb6 30. Rf1 Qf4 31. g3 hxg3 32. Kg2 gxf2 33. Rxf2 Qg5 34. h4 Qe7
35. Nh6+ Kh8 36. Rxf7 Qxh4 37. Rh1 Qg5+ 38. Ng4+ Kg8 39. Rfh7 1-0

[Event "85. Argentino Superior Absoluto 2010 "]
[Site "Buenos Aires ARG"]
[Date "2010.07.09"]
[Round "5.5"]
[White "Quiroga, Facundo"]
[Black "Valerga, Diego"]
[Result "1/2-1/2"]
[WhiteElo "2340"]
[BlackElo "2506"]
[PlyCount "130"]
[EventDate "2010.07.05"]
[EventType "swiss"]
[EventRounds "9"]
[EventCountry "ARG"]
[Source "lmi"]
[SourceDate "2010.07.05"]

1. d4 d5 2. c4 e6 3. Nc3 c6 4. Nf3 Nf6 5. Bg5 h6 6. Bxf6 Qxf6 7. e3 Nd7 8. a3
Bd6 9. e4 Qe7 10. e5 Bb8 11. Rc1 O-O 12. Bd3 dxc4 13. Bxc4 c5 14. O-O Rd8 15.
Qe2 cxd4 16. Nb5 a6 17. Nbxd4 Nxe5 18. Nxe5 Rxd4 19. Rfd1 Rxd1+ 20. Rxd1 Bxe5
21. Qxe5 b5 22. Bf1 Bb7 23. Rc1 Rd8 24. Rc7 Rd7 25. Rxd7 Qxd7 26. Qb8+ Kh7 27.
Qa7 Qd5 28. Qb6 g5 29. h3 Kg7 30. Qc7 Qe4 31. Qc3+ e5 32. Qc7 Qd5 33. Qb6 Qc6
34. Qa7 Qe4 35. Qb6 Bc8 36. Qd6 Qe1 37. b3 Bf5 38. a4 bxa4 39. bxa4 a5 40. Qa6
Bd7 41. Qc4 Be6 42. Qb5 Qa1 43. f3 Qe1 44. Kh2 Qc3 45. Qb7 h5 46. Bb5 Qd4 47.
Bc6 Qf4+ 48. Kh1 Qc1+ 49. Kh2 Qf4+ 50. Kh1 g4 51. hxg4 hxg4 52. fxg4 Qxg4 53.
Qa7 Qf4 54. Qb7 Qc1+ 55. Kh2 Qh6+ 56. Kg1 Qe3+ 57. Kh2 Kh6 58. Qa8 Kg7 59. Qb7
Qc1 60. Qb5 Qc3 61. Qb7 Qc5 62. Kh1 Bf5 63. Qb5 Qc3 64. Kh2 Bg6 65. Qb7 e4
1/2-1/2

[Event "85. Argentino Superior Absoluto 2010 "]
[Site "Buenos Aires ARG"]
[Date "2010.07.09"]
[Round "5.6"]
[White "Dos Santos, Ramiro"]
[Black "Tristan, Leonardo"]
[Result "1/2-1/2"]
[WhiteElo "2442"]
[BlackElo "2393"]
[PlyCount "104"]
[EventDate "2010.07.05"]
[EventType "swiss"]
[EventRounds "9"]
[EventCountry "ARG"]
[Source "lmi"]
[SourceDate "2010.07.05"]

1. e4 d6 2. d4 Nf6 3. Nc3 g6 4. Nf3 Bg7 5. Be2 O-O 6. O-O c5 7. d5 Na6 8. Bf4
Nc7 9. a4 a6 10. Re1 Bg4 11. h3 Bxf3 12. Bxf3 Nd7 13. Qd2 b5 14. Bh6 Bxh6 15.
Qxh6 b4 16. Nd1 e5 17. dxe6 fxe6 18. Be2 Qf6 19. Qd2 d5 20. exd5 exd5 21. Bf3
Qd6 22. Bg4 Ne5 23. Ne3 Rf4 24. Nf5 Rxf5 25. Bxf5 gxf5 26. Qf4 Re8 27. Qxf5 Re6
28. Re3 Ng6 29. Rae1 Rf6 30. Qc8+ Rf8 31. Qb7 Rf7 32. a5 d4 33. Rf3 Rxf3 34.
Qxf3 Nd5 35. Re8+ Kg7 36. Ra8 c4 37. Qg4 Nde7 38. Ra7 d3 39. cxd3 cxd3 40. Rd7
Qc5 41. Rxd3 Qc1+ 42. Rd1 Qxb2 43. Qc4 b3 44. Qxa6 Qc2 45. Rf1 Nf4 46. Qb7 Ne2+
47. Kh2 Kf6 48. a6 Nc6 49. Re1 b2 50. Rxe2 b1=Q 51. Rxc2 Qxc2 52. a7 Qa4
1/2-1/2

[Event "85. Argentino Superior Absoluto 2010 "]
[Site "Buenos Aires ARG"]
[Date "2010.07.09"]
[Round "5.7"]
[White "Garcia, Raimundo"]
[Black "Filgueira, Hernan"]
[Result "1/2-1/2"]
[WhiteElo "2314"]
[BlackElo "2347"]
[PlyCount "61"]
[EventDate "2010.07.05"]
[EventType "swiss"]
[EventRounds "9"]
[EventCountry "ARG"]
[Source "lmi"]
[SourceDate "2010.07.05"]

1. c4 b6 2. d4 e6 3. Nc3 Bb7 4. Nf3 Bb4 5. Bg5 Be7 6. Bxe7 Qxe7 7. e3 Nf6 8.
Be2 d6 9. O-O O-O 10. Qb3 Nbd7 11. Rfd1 Ne4 12. Nxe4 Bxe4 13. Nd2 Bb7 14. Bf3
Bxf3 15. Nxf3 e5 16. Qb5 Rfe8 17. dxe5 Nxe5 18. Nxe5 Qxe5 19. Rd5 Qe7 20. Rad1
a5 21. Qa4 Qf6 22. R1d4 Rac8 23. Qd1 Re5 24. Qg4 Rce8 25. h4 h6 26. Qd7 Qe7 27.
Qc6 Rd8 28. Kf1 h5 29. b3 g6 30. g3 Re6 31. Rf4 1/2-1/2

[Event "85. Argentino Superior Absoluto 2010 "]
[Site "Buenos Aires ARG"]
[Date "2010.07.09"]
[Round "5.8"]
[White "Alonso, Salvador"]
[Black "Spata, German"]
[Result "1/2-1/2"]
[WhiteElo "2490"]
[BlackElo "2286"]
[PlyCount "47"]
[EventDate "2010.07.05"]
[EventType "swiss"]
[EventRounds "9"]
[EventCountry "ARG"]
[Source "lmi"]
[SourceDate "2010.07.05"]

1. e4 e6 2. d4 d5 3. Nc3 dxe4 4. Nxe4 Bd7 5. Nf3 Bc6 6. Bd3 Nd7 7. O-O Ngf6 8.
Ng3 Be7 9. Qe2 Bxf3 10. Qxf3 c6 11. Re1 O-O 12. c3 Re8 13. Bf4 Nf8 14. Ne4 Nxe4
15. Bxe4 Bd6 16. Re2 Bxf4 17. Qxf4 Nd7 18. Rae1 Nf6 19. Bb1 Rc8 20. Re5 b6 21.
Qf3 c5 22. dxc5 Rxc5 23. Rxc5 bxc5 24. Rd1 1/2-1/2

[Event "85. Argentino Superior Absoluto 2010 "]
[Site "Buenos Aires ARG"]
[Date "2010.07.09"]
[Round "5.9"]
[White "Mahia, Gustavo"]
[Black "Sanhueza, Cristian"]
[Result "1-0"]
[WhiteElo "2393"]
[BlackElo "2199"]
[PlyCount "53"]
[EventDate "2010.07.05"]
[EventType "swiss"]
[EventRounds "9"]
[EventCountry "ARG"]
[Source "lmi"]
[SourceDate "2010.07.05"]

1. e4 c5 2. Nf3 d6 3. d4 cxd4 4. Nxd4 Nf6 5. Nc3 g6 6. Be3 Bg7 7. f3 Nc6 8. Bc4
O-O 9. Qd2 Bd7 10. h4 Rc8 11. Bb3 Ne5 12. h5 Nc4 13. Bxc4 Rxc4 14. hxg6 fxg6
15. O-O-O Qa5 16. Nb3 Qc7 17. e5 dxe5 18. Nd5 Qd6 19. Nxf6+ Bxf6 20. Qe2 Qa6
21. Rxd7 Rh4 22. Qd1 Rxh1 23. Qxh1 Qxa2 24. Qd1 e6 25. Qd6 Re8 26. Rxb7 e4 27.
Bd4 1-0

[Event "85. Argentino Superior Absoluto 2010 "]
[Site "Buenos Aires ARG"]
[Date "2010.07.09"]
[Round "5.11"]
[White "Cereijo, Nicolas"]
[Black "Gimenez, Santiago"]
[Result "1/2-1/2"]
[WhiteElo "2139"]
[BlackElo "2253"]
[PlyCount "36"]
[EventDate "2010.07.05"]
[EventType "swiss"]
[EventRounds "9"]
[EventCountry "ARG"]
[Source "lmi"]
[SourceDate "2010.07.05"]

1. d4 Nf6 2. Nf3 g6 3. c4 Bg7 4. Nc3 d6 5. e4 O-O 6. Be2 Na6 7. O-O e5 8. Be3
Qe8 9. Nd2 Ng4 10. Bxg4 Bxg4 11. Nf3 Bxf3 12. gxf3 c6 13. f4 Qe7 14. fxe5 dxe5
15. d5 Bf6 16. Qd2 Rfd8 17. Kh1 Nc7 18. Qe2 Bg5 1/2-1/2

[Event "85. Argentino Superior Absoluto 2010 "]
[Site "Buenos Aires ARG"]
[Date "2010.07.09"]
[Round "5.12"]
[White "Martinez de Negri, Gonzalo"]
[Black "Slipak, Sergio"]
[Result "0-1"]
[WhiteElo "2069"]
[BlackElo "2440"]
[PlyCount "120"]
[EventDate "2010.07.05"]
[EventType "swiss"]
[EventRounds "9"]
[EventCountry "ARG"]
[Source "lmi"]
[SourceDate "2010.07.05"]

1. e4 e5 2. Nf3 Nc6 3. d4 exd4 4. Nxd4 Bb4+ 5. c3 Bc5 6. Be3 Bb6 7. g3 Nf6 8.
Bg2 O-O 9. O-O Re8 10. Nd2 d5 11. Nxc6 bxc6 12. Bg5 Ba6 13. Re1 h6 14. Be3 Qd6
15. Qc2 Rad8 16. h3 dxe4 17. Nxe4 Nxe4 18. Bxe4 Bxe3 19. Rxe3 f5 20. Qa4 Bb5
21. Qb3+ Kh8 22. c4 Rxe4 23. Rxe4 fxe4 24. cxb5 cxb5 25. Qxb5 e3 26. Qe2 exf2+
27. Qxf2 Rf8 28. Qe3 Qd5 29. Re1 Rf3 30. Qe8+ Kh7 31. Qe4+ Qxe4 32. Rxe4 Rxg3+
33. Kh2 Rd3 34. Ra4 Rd2+ 35. Kg3 Rxb2 36. Rxa7 Rc2 37. a4 Kg6 38. a5 Kf5 39. a6
Rc3+ 40. Kg2 Ke6 41. Ra8 Ra3 42. Rg8 Rxa6 43. Rxg7 Rc6 44. Kf3 Kf5 45. Rf7+ Kg5
46. Kg2 Rc2+ 47. Kg3 Rc3+ 48. Kg2 h5 49. Rg7+ Kh4 50. Rh7 c5 51. Re7 Rc2+ 52.
Kf3 Kxh3 53. Re1 Rc3+ 54. Kf4 h4 55. Kg5 Rc4 56. Re2 Kg3 57. Re3+ Kg2 58. Re2+
Kf3 59. Rh2 Kg3 60. Rd2 Rc3 0-1

[Event "85. Argentino Superior Absoluto 2010 "]
[Site "Buenos Aires ARG"]
[Date "2010.07.09"]
[Round "5.14"]
[White "Gaitan, Juan Manuel"]
[Black "Lezcano, Gustavo"]
[Result "1/2-1/2"]
[WhiteElo "2047"]
[BlackElo "2177"]
[PlyCount "62"]
[EventDate "2010.07.05"]
[EventType "swiss"]
[EventRounds "9"]
[EventCountry "ARG"]
[Source "lmi"]
[SourceDate "2010.07.05"]

1. d4 f5 2. c4 Nf6 3. Nf3 g6 4. g3 Bg7 5. Bg2 O-O 6. O-O d6 7. Nc3 c6 8. d5
cxd5 9. cxd5 Na6 10. Be3 Bd7 11. Rc1 Ng4 12. Bd4 Bxd4 13. Qxd4 Qb6 14. Qxb6
axb6 15. Nd4 Nc5 16. Rc2 Rfc8 17. Rfc1 Nf6 18. a3 Na4 19. Nxa4 Rxc2 20. Rxc2
Rxa4 21. e3 b5 22. Rc7 b4 23. b3 Rxa3 24. Rxb7 Ra1+ 25. Bf1 f4 26. Kg2 fxe3 27.
fxe3 Ra2+ 28. Kg1 Ra1 29. Kg2 Ra2+ 30. Kg1 Ra1 31. Kg2 Ra2+ 1/2-1/2

[Event "85. Argentino Superior Absoluto 2010 "]
[Site "Buenos Aires ARG"]
[Date "2010.07.09"]
[Round "5.16"]
[White "Tomeo, Nicolas"]
[Black "Rasgido, Alejandro"]
[Result "0-1"]
[WhiteElo "2137"]
[BlackElo "1997"]
[PlyCount "108"]
[EventDate "2010.07.05"]
[EventType "swiss"]
[EventRounds "9"]
[EventCountry "ARG"]
[Source "lmi"]
[SourceDate "2010.07.05"]

1. d4 d5 2. Nf3 Nf6 3. c4 c6 4. Nc3 Qb6 5. Qc2 Na6 6. e3 Nb4 7. Qb1 g6 8. c5
Qc7 9. Ne5 Bf5 10. Nd3 e5 11. a3 exd4 12. exd4 Qe7+ 13. Be3 Nxd3+ 14. Bxd3 Ng4
15. Bxf5 gxf5 16. Qxf5 Nxe3 17. fxe3 Qxe3+ 18. Kf1 Qxd4 19. Re1+ Kd8 20. Re5
Bxc5 21. Ke2 Re8 22. Rxe8+ Kxe8 23. Rf1 Qg7 24. Kd1 Kf8 25. Qd7 Qg6 26. Rf3 Re8
27. Rg3 Qe6 28. Qxb7 d4 29. Na4 Qe2+ 30. Kc1 Qc4+ 31. Nc3 dxc3 32. Rxc3 Re1+
33. Kc2 Qa4+ 34. Qb3 Re2+ 35. Kb1 Qxb3 36. Rxb3 Rxg2 37. h3 Ke7 38. Rb7+ Ke6
39. Rc7 Bd4 40. b4 Rb2+ 41. Kc1 Rh2 42. Rxc6+ Kd7 43. Rc4 Be3+ 44. Kd1 f5 45.
Rh4 Rd2+ 46. Ke1 Bf2+ 47. Kxd2 Bxh4 48. Ke3 Ke6 49. Kd4 Bf2+ 50. Kc4 Ke5 51. a4
Kf4 52. b5 Kg3 53. Kd3 Kxh3 54. a5 Kg2 0-1

[Event "85. Argentino Superior Absoluto 2010 "]
[Site "Buenos Aires ARG"]
[Date "2010.07.09"]
[Round "5.17"]
[White "Chavarria, Bily"]
[Black "Cabral, Matias Andres"]
[Result "0-1"]
[WhiteElo "1963"]
[BlackElo "2098"]
[PlyCount "100"]
[EventDate "2010.07.05"]
[EventType "swiss"]
[EventRounds "9"]
[EventCountry "ARG"]
[Source "lmi"]
[SourceDate "2010.07.05"]

1. d4 Nf6 2. c4 c5 3. d5 e5 4. Nc3 d6 5. e4 g6 6. Nf3 Bg7 7. Be2 a6 8. O-O O-O
9. a3 Nbd7 10. Ne1 Ne8 11. Be3 f5 12. f3 b6 13. Nd3 f4 14. Bf2 g5 15. h3 h5 16.
b4 Rf6 17. Be1 Rg6 18. Rb1 Ndf6 19. bxc5 bxc5 20. Nf2 Bf8 21. Na4 Ra7 22. Nb6
Rag7 23. Nxc8 Qxc8 24. Rb6 g4 25. fxg4 hxg4 26. Nxg4 Nxg4 27. Bxg4 Rxg4 28.
hxg4 Nf6 29. Qf3 Nxg4 30. Bf2 Qe8 31. Rfb1 Qh5 32. R6b3 Qh2+ 33. Kf1 Qh7 34.
Ke2 Nf6 35. Kd3 Ng4 36. Ke2 Qg6 37. Rh1 Nf6 38. Kd3 Kf7 39. Rh3 Qxg2 40. Qxg2
Rxg2 41. Rb7+ Kg6 42. Ke2 Nxe4 43. Kf3 Rxf2+ 44. Kxe4 Re2+ 45. Kf3 Rc2 46. Rh8
Bh6 47. Rd7 Ra2 48. Rxh6+ Kxh6 49. Rxd6+ Kg5 50. Rxa6 Kf5 0-1

[Event "85. Argentino Superior Absoluto 2010 "]
[Site "Buenos Aires ARG"]
[Date "2010.07.09"]
[Round "5.18"]
[White "Virgillito, Cristian"]
[Black "Vigil, Lucas"]
[Result "1-0"]
[WhiteElo "2238"]
[BlackElo "2053"]
[PlyCount "49"]
[EventDate "2010.07.05"]
[EventType "swiss"]
[EventRounds "9"]
[EventCountry "ARG"]
[Source "lmi"]
[SourceDate "2010.07.05"]

1. e4 c5 2. Nf3 g6 3. d4 Bg7 4. Nc3 cxd4 5. Nxd4 Nc6 6. Be3 Nf6 7. Bc4 O-O 8.
O-O Nxe4 9. Nxe4 d5 10. Nxc6 bxc6 11. Bc5 Bxb2 12. Rb1 Bg7 13. Re1 Qc7 14. Ng5
dxc4 15. Rxe7 Qa5 16. Qd6 Bf5 17. Nxf7 Qxa2 18. Rbe1 Rxf7 19. Re8+ Rf8 20. Rxa8
Rxa8 21. g4 Bxg4 22. Qxc6 Bf3 23. Re8+ Bf8 24. Qe6+ Kg7 25. Bxf8+ 1-0

[Event "85. Argentino Superior Absoluto 2010 "]
[Site "Buenos Aires ARG"]
[Date "2010.07.09"]
[Round "5.19"]
[White "Koch, Juan"]
[Black "Luo, Victor"]
[Result "1/2-1/2"]
[WhiteElo "2087"]
[BlackElo "1906"]
[PlyCount "69"]
[EventDate "2010.07.05"]
[EventType "swiss"]
[EventRounds "9"]
[EventCountry "ARG"]
[Source "lmi"]
[SourceDate "2010.07.05"]

1. c4 g6 2. g3 Bg7 3. Bg2 d6 4. Nc3 Nf6 5. e4 O-O 6. Nge2 e5 7. O-O Nc6 8. d3
Nh5 9. Nd5 Ne7 10. Be3 Nxd5 11. cxd5 f5 12. Qd2 Qf6 13. Bg5 Qf7 14. exf5 gxf5
15. f4 Qg6 16. Rac1 Qf7 17. Rc2 Nf6 18. Bxf6 Bxf6 19. Rfc1 Bd8 20. a4 Bd7 21.
Nc3 a6 22. b4 Qg7 23. Rb1 b6 24. b5 axb5 25. Nxb5 Rxa4 26. Nxc7 exf4 27. gxf4
Qd4+ 28. Kh1 Qxf4 29. Qxf4 Rxf4 30. Ne6 Bxe6 31. dxe6 Re8 32. Bc6 Rf8 33. Re2
Be7 34. Rxb6 Kg7 35. Kg2 1/2-1/2

[Event "85. Argentino Superior Absoluto 2010 "]
[Site "Buenos Aires ARG"]
[Date "2010.07.09"]
[Round "5.20"]
[White "Sanchez, Christian"]
[Black "Leeuw, Pablo"]
[Result "0-1"]
[WhiteElo "2028"]
[BlackElo "2071"]
[PlyCount "124"]
[EventDate "2010.07.05"]
[EventType "swiss"]
[EventRounds "9"]
[EventCountry "ARG"]
[Source "lmi"]
[SourceDate "2010.07.05"]

1. e4 e6 2. d4 d5 3. Nc3 Nf6 4. Bg5 Be7 5. e5 Nfd7 6. h4 a6 7. Qg4 Kf8 8. O-O-O
c5 9. f4 cxd4 10. Rxd4 Nc6 11. Rd1 h6 12. Bxe7+ Qxe7 13. Nf3 b5 14. Bd3 Nc5 15.
Ne2 Na4 16. c3 Na5 17. Nfd4 h5 18. Qf3 Nc4 19. Bxc4 bxc4 20. f5 Qb7 21. Rd2 Rh6
22. fxe6 Bxe6 23. Nxe6+ Rxe6 24. Qxd5 Qxd5 25. Rxd5 Rb8 26. Rd2 Reb6 27. Rhd1
Nxb2 28. Rd8+ Rxd8 29. Rxd8+ Ke7 30. Rc8 Nd3+ 31. Kd2 Nxe5 32. Nf4 Rd6+ 33. Ke3
g6 34. Ke2 Kf6 35. Rc5 Nd3 36. Rxc4 Nc1+ 37. Ke3 Nxa2 38. Nd3 a5 39. Rf4+ Ke7
40. Rc4 a4 41. Rxa4 Nxc3 42. Ra5 Nd5+ 43. Ke2 f5 44. Kf3 Kf6 45. Ra7 Nc3 46.
Ke3 Ne4 47. Nf2 Ng3 48. Kf3 Nf1 49. Ke2 Nh2 50. Ke3 Ng4+ 51. Nxg4+ hxg4 52. Ra5
Re6+ 53. Kf2 Kg7 54. h5 gxh5 55. Kg3 Kg6 56. Kh4 Rf6 57. Rb5 f4 58. Rb2 f3 59.
Rf2 Rf5 60. Rf1 f2 61. Kg3 Kg5 62. Kh2 Kh4 0-1

[Event "85. Argentino Superior Absoluto 2010 "]
[Site "Buenos Aires ARG"]
[Date "2010.07.09"]
[Round "5.21"]
[White "Valli, Americo"]
[Black "Lopez, Ricardo"]
[Result "1/2-1/2"]
[WhiteElo "1972"]
[BlackElo "2187"]
[PlyCount "76"]
[EventDate "2010.07.05"]
[EventType "swiss"]
[EventRounds "9"]
[EventCountry "ARG"]
[Source "lmi"]
[SourceDate "2010.07.05"]

1. e4 c5 2. Ne2 Nc6 3. g3 d5 4. d3 dxe4 5. dxe4 Qxd1+ 6. Kxd1 Bg4 7. Be3 O-O-O+
8. Nd2 Nf6 9. Bg2 e5 10. h3 Be6 11. f4 Be7 12. Kc1 Kb8 13. f5 Bc8 14. g4 h6 15.
Rd1 Nd4 16. Ng3 Nh7 17. c3 Nc6 18. Nh5 g6 19. Ng3 b6 20. Bf1 Bh4 21. Bb5 Bb7
22. Ndf1 Ng5 23. Bxg5 hxg5 24. Nh1 gxf5 25. exf5 Ne7 26. Rxd8+ Rxd8 27. Nhg3
Bg2 28. Be2 Bxh3 29. Ne4 Nd5 30. Kc2 Bg2 31. Nfd2 f6 32. a4 a5 33. Rg1 Kc7 34.
Bc4 Ne3+ 35. Kb3 Nxc4 36. Kxc4 Bxe4 37. Nxe4 Kc6 38. Rf1 Rd7 1/2-1/2

[Event "85. Argentino Superior Absoluto 2010 "]
[Site "Buenos Aires ARG"]
[Date "2010.07.09"]
[Round "5.22"]
[White "Araoz, Claudio Alberto"]
[Black "Mazzoleni, Julio"]
[Result "1/2-1/2"]
[WhiteElo "1878"]
[BlackElo "2123"]
[PlyCount "103"]
[EventDate "2010.07.05"]
[EventType "swiss"]
[EventRounds "9"]
[EventCountry "ARG"]
[Source "lmi"]
[SourceDate "2010.07.05"]

1. d4 Nc6 2. Nf3 d6 3. Bf4 g6 4. h3 Bg7 5. e3 Nf6 6. c3 O-O 7. Be2 a6 8. O-O
Ne4 9. Nbd2 Nxd2 10. Nxd2 e5 11. Bh2 f5 12. f4 exd4 13. exd4 Kh8 14. Nf3 Ne7
15. Bg3 Nd5 16. Bh4 Qe8 17. Re1 Nxf4 18. Bxa6 Qf7 19. Re7 Qg8 20. Bf1 Rf7 21.
Qe1 Rxe7 22. Qxe7 Nd5 23. Qe1 Bd7 24. c4 Re8 25. Qa5 Nb6 26. b3 Bc6 27. Qd2
Bxf3 28. gxf3 Nd7 29. Bf2 Qf8 30. a4 c5 31. Rd1 Bh6 32. Qd3 Bf4 33. dxc5 Nxc5
34. Bd4+ Kg8 35. Bxc5 dxc5 36. Kg2 Qe7 37. Qd7 Qg5+ 38. Kh1 Re7 39. Qd8+ Kg7
40. Rd7 Rxd7 41. Qxd7+ Kh6 42. Bg2 Be3 43. Qd3 f4 44. Qf1 Qe5 45. Qd1 Qc3 46.
Bf1 b6 47. Be2 Bd4 48. Bd3 Be3 49. Be2 Bd4 50. Bd3 Kg5 51. Kh2 Be3 52. Be2
1/2-1/2

[Event "85. Argentino Superior Absoluto 2010 "]
[Site "Buenos Aires ARG"]
[Date "2010.07.09"]
[Round "5.23"]
[White "Galleto, Ricardo"]
[Black "Giuliani, German"]
[Result "0-1"]
[WhiteElo "2019"]
[BlackElo "1864"]
[PlyCount "104"]
[EventDate "2010.07.05"]
[EventType "swiss"]
[EventRounds "9"]
[EventCountry "ARG"]
[Source "lmi"]
[SourceDate "2010.07.05"]

1. e4 g5 2. Be2 Bg7 3. d4 h6 4. h4 gxh4 5. Nf3 d6 6. Nxh4 c5 7. d5 Nf6 8. Nc3
Nbd7 9. Nf5 Bf8 10. f4 Nb6 11. Bb5+ Bd7 12. e5 Nfxd5 13. e6 Bxb5 14. exf7+ Kxf7
15. Qh5+ Ke6 16. Qg4 Kd7 17. Nd4+ e6 18. Qxe6+ Kc7 19. Ndxb5+ Kc6 20. O-O Qe7
21. Qh3 Nxc3 22. Nxc3 Bg7 23. f5 Bd4+ 24. Kh1 Rag8 25. f6 Qf7 26. Ne2 Be5 27.
Qf3+ Kc7 28. Bf4 Qxf6 29. Bxe5 Qxe5 30. Nc3 a6 31. Rae1 Qg5 32. Ne4 Qh4+ 33.
Qh3 Qxh3+ 34. gxh3 Re8 35. Rf7+ Kc6 36. Re2 Re5 37. Ng3 Rhe8 38. Rxe5 Rxe5 39.
Kg2 Rd5 40. Rf2 Nc4 41. b3 Ne3+ 42. Kf3 Nf5 43. Ne4 Nd4+ 44. Kg4 Re5 45. Ng3
Rg5+ 46. Kh4 b5 47. c3 Ne6 48. Rf6 Ng7 49. b4 Rxg3 50. Kxg3 Nh5+ 51. Kf3 cxb4
52. cxb4 Nxf6 0-1

[Event "85. Argentino Superior Absoluto 2010 "]
[Site "Buenos Aires ARG"]
[Date "2010.07.09"]
[Round "5.26"]
[White "Asad, Jonathan"]
[Black "Ricciardi, Gabriel"]
[Result "0-1"]
[WhiteElo "1702"]
[BlackElo "1599"]
[PlyCount "128"]
[EventDate "2010.07.05"]
[EventType "swiss"]
[EventRounds "9"]
[EventCountry "ARG"]
[Source "lmi"]
[SourceDate "2010.07.05"]

1. e4 e5 2. Nf3 Nc6 3. Bb5 Bc5 4. O-O Nge7 5. Nxe5 Nxe5 6. d4 Nf3+ 7. gxf3 Bb6
8. Bg5 h6 9. Bh4 c6 10. Be2 g5 11. Bg3 Ng6 12. Nc3 d6 13. d5 Nf4 14. dxc6 bxc6
15. Na4 Bc7 16. Bxf4 gxf4 17. Qd4 Ke7 18. Kh1 Be6 19. Rg1 Qd7 20. Rg7 c5 21.
Nxc5 dxc5 22. Qxc5+ Bd6 23. Qh5 Qc7 24. Bd3 Be5 25. Rgg1 Bxb2 26. Rab1 Bf6 27.
Rge1 Be5 28. Rb5 f6 29. Reb1 Rab8 30. a4 Rxb5 31. Rxb5 Qc3 32. Rb7+ Kd6 33. Rb1
Qd2 34. Rf1 Qb4 35. Rd1 Ke7 36. Qg6 Rg8 37. Qh7+ Bf7 38. Bb5 Bd6 39. Qf5 Be6
40. Qh7+ Bf7 41. Qf5 Rd8 42. Qg4 a6 43. Bc6 Qc5 44. Bd5 Qxc2 45. Rf1 Rg8 46.
Qh3 Qxa4 47. Qxh6 Qa3 48. Qh3 Bxd5 49. exd5 Kd8 50. Qh5 a5 51. Rg1 Rxg1+ 52.
Kxg1 Qa1+ 53. Kg2 Qe5 54. Qh8+ Kc7 55. Qa8 Bb4 56. Qc6+ Kd8 57. Qb6+ Ke7 58.
Qb7+ Kf8 59. Qc8+ Kg7 60. Qd7+ Kg6 61. h4 f5 62. Qd8 Kh7 63. Qd7+ Qg7+ 64.
Qxg7+ Kxg7 0-1

[Event "85. Argentino Superior Absoluto 2010 "]
[Site "Buenos Aires ARG"]
[Date "2010.07.10"]
[Round "6.2"]
[White "Pierrot, Facundo"]
[Black "Lemos, Damian"]
[Result "1/2-1/2"]
[WhiteElo "2431"]
[BlackElo "2551"]
[PlyCount "26"]
[EventDate "2010.07.05"]
[EventType "swiss"]
[EventRounds "9"]
[EventCountry "ARG"]
[Source "lmi"]
[SourceDate "2010.07.05"]

1. e4 e5 2. Nf3 Nc6 3. Bb5 Nf6 4. d3 d6 5. O-O Be7 6. c3 O-O 7. Nbd2 Bd7 8. Re1
Re8 9. Nf1 Bf8 10. Ng3 a6 11. Ba4 b5 12. Bc2 g6 13. h3 Bg7 1/2-1/2

[Event "85. Argentino Superior Absoluto 2010 "]
[Site "Buenos Aires ARG"]
[Date "2010.07.10"]
[Round "6.3"]
[White "Barrionuevo, Pablo"]
[Black "Felgaer, Ruben"]
[Result "1/2-1/2"]
[WhiteElo "2337"]
[BlackElo "2584"]
[PlyCount "129"]
[EventDate "2010.07.05"]
[EventType "swiss"]
[EventRounds "9"]
[EventCountry "ARG"]
[Source "lmi"]
[SourceDate "2010.07.05"]

1. d4 d5 2. c4 c6 3. Nf3 Nf6 4. Nc3 dxc4 5. a4 Bf5 6. e3 e6 7. Bxc4 Bb4 8. O-O
O-O 9. Nh4 Bg6 10. f3 Nbd7 11. Nxg6 hxg6 12. e4 e5 13. Be3 Qb6 14. Kh1 a5 15.
f4 Rad8 16. Bg1 exd4 17. Bxd4 Bc5 18. Bxc5 Nxc5 19. Qe2 Rd4 20. e5 Qb4 21.
Bxf7+ Rxf7 22. exf6 gxf6 23. f5 g5 24. Rad1 Nd7 25. Qe8+ Kg7 26. Rxd4 Qxd4 27.
Qe2 Ne5 28. Rd1 Qf4 29. Rf1 Qd4 30. Rd1 Qf4 31. Rf1 Qc4 32. Rd1 Re7 33. Qe3 Qb4
34. Qg3 Qxb2 35. h4 Nf7 36. hxg5 Nxg5 37. Ne4 Qe2 38. Nf2 Qc2 39. Qd6 Rf7 40.
Qf4 Qe2 41. Rd8 Qh5+ 42. Kg1 Re7 43. Kf1 Qe2+ 44. Kg1 Qh5 45. Kf1 Qf7 46. Qh4
Re8 47. Rxe8 Qxe8 48. Ng4 Ne4 49. Qh6+ Kf7 50. Qh7+ Kf8 51. Nh6 Nd2+ 52. Kf2
Ne4+ 53. Kg1 Ng5 54. Qg8+ Ke7 55. Qg7+ Nf7 56. Ng8+ Kd6 57. Qxf6+ Kc7 58. Ne7
Nd6 59. Qe5 Qh5 60. Qxa5+ Kd7 61. Qe5 Qd1+ 62. Kh2 Qh5+ 63. Kg1 Qd1+ 64. Kh2
Qh5+ 65. Kg1 1/2-1/2